BIBLIOTECA PODER JUDICIAL
Portal Judicial TDF

Previsibilidad contractual, responsabilidad del proveedor y "deber de colaboración" en un caso sobre incumplimiento contractual / (Registro nro. 6372)

000 -LEADER
fixed length control field 01509nab a22003137a 4500
003 - CONTROL NUMBER IDENTIFIER
control field OSt
005 - DATE AND TIME OF LATEST TRANSACTION
control field 20260131211828.0
008 - FIXED-LENGTH DATA ELEMENTS--GENERAL INFORMATION
fixed length control field 190603e xxum|||| |||| 00| 0 spa d
040 ## - CATALOGING SOURCE
Transcribing agency PJ
100 ## - MAIN ENTRY--PERSONAL NAME
9 (RLIN) 6352
Personal name Jagou, Vanesa S.
245 10 - TITLE STATEMENT
Title Previsibilidad contractual, responsabilidad del proveedor y "deber de colaboración" en un caso sobre incumplimiento contractual /
Statement of responsibility, etc Vanesa Jagou.
260 ## - PUBLICATION, DISTRIBUTION, ETC. (IMPRINT)
Date of publication, distribution, etc Ciudad Autónoma de Buenos Aires :
Place of publication, distribution, etc Thomson Reuters La Ley,
Name of publisher, distributor, etc 2025.
300 ## - PHYSICAL DESCRIPTION
Extent p. 315-330
500 ## - GENERAL NOTE
General note Cita: TR LALEY AR/DOC/2859/2025 <br/>Publicado en: RCCyC 2025 (Diciembre).
505 ## - FORMATTED CONTENTS NOTE
Formatted contents note Sumario: I. Introducción.— II. Resumen del caso en comentario.— III. Análisis del caso en comentario.— IV. Conclusiones.
505 ## - FORMATTED CONTENTS NOTE
Formatted contents note Fallo comentado: CNCom., sala C ~ 16/07/2025 ~ Luetich, Favio Claudio c. Autos del Sur SA y otros s/ ordinario.
505 ## - FORMATTED CONTENTS NOTE
Title ¿Te interesa el texto completo? Solicitalo al correo: koha@justierradelfuego.gov.ar
650 #0 - SUBJECT ADDED ENTRY--TOPICAL TERM
Topical term or geographic name as entry element DEFENSA DEL CONSUMIDOR
9 (RLIN) 2597
650 #0 - SUBJECT ADDED ENTRY--TOPICAL TERM
Topical term or geographic name as entry element DERECHOS DEL CONSUMIDOR
9 (RLIN) 2608
650 #0 - SUBJECT ADDED ENTRY--TOPICAL TERM
Topical term or geographic name as entry element RESPONSABILIDAD CONTRACTUAL
9 (RLIN) 3726
650 #0 - SUBJECT ADDED ENTRY--TOPICAL TERM
Topical term or geographic name as entry element DEBER DE INFORMACIÓN
9 (RLIN) 3951
650 #0 - SUBJECT ADDED ENTRY--TOPICAL TERM
Topical term or geographic name as entry element DAÑOS Y PERJUICIOS
9 (RLIN) 2823
650 #0 - SUBJECT ADDED ENTRY--TOPICAL TERM
Topical term or geographic name as entry element RESPONSABILIDAD SOLIDARIA
9 (RLIN) 4951
650 #0 - SUBJECT ADDED ENTRY--TOPICAL TERM
Topical term or geographic name as entry element CONTRATOS
9 (RLIN) 3463
650 #0 - SUBJECT ADDED ENTRY--TOPICAL TERM
Topical term or geographic name as entry element RESCISION DEL CONTRATO
9 (RLIN) 6376
650 #0 - SUBJECT ADDED ENTRY--TOPICAL TERM
Topical term or geographic name as entry element PREVISIBILIDAD
773 0# - HOST ITEM ENTRY
Host Biblionumber 2713
Host Itemnumber 3170
Place, publisher, and date of publication Ciudad Autónoma de Buenos Aires : Thomson Reuters La Ley, 2015-
Title Revista Código Civil y Comercial. Nº 6 - Diciembre 2025
942 ## - ADDED ENTRY ELEMENTS (KOHA)
Source of classification or shelving scheme
Koha item type Analítica Artículo de Revista

No hay ítems disponibles.

12 de Octubre 789 Ushuaia - Tel:  54(02901)441571
Horario de Atención: 8.00 a 17.00 hs. 
bibliotecaush@justierradelfuego.gov.ar
koha@justierradelfuego.gov.ar
Seguinos en nuestras redes @bibliojustdf 

Con tecnología Koha